000 00537nam a22001697a 4500
005 20251108164052.0
008 250721s1982 xx 000 0 ara d
082 1 4 _a001.94/ريا
100 1 _aالعبد الله، رياض مصطفى
245 1 0 _aمثلث برمودا و الأطباق الطائره بين الحقيقه و الأسطوره /
250 _aط3.
264 1 _aحلب :
_bدار الكتاب العربي،
_c1982.
300 _a119ص.
650 1 7 _aعجائب و غرائب
942 _2ddc
_cBK
999 _c2810
_d2810